Makroekonomické vzťahy medzi rastom HDP, dlhom vlády a maastrichtské kritériá
Meranie deficitu vlády. Rozpočet a inflácia. Kapitálové aktíva. Dynamické modely vzťahov dráhy HDP a dráhy dlhu vlády.
Salvato in:
| Autore principale: | |
|---|---|
| Altri autori: | , |
| Natura: | Capitolo di libro |
| Lingua: | slovacco |
| Soggetti: | |
| Tags: |
Nessun Tag, puoi essere il primo ad aggiungerne!!
|
MARC
| LEADER | 00000naa$a2200000$$$4500 | ||
|---|---|---|---|
| 001 | 0060502 | ||
| 005 | 20240502071653.2 | ||
| 041 | 0 | |a slo | |
| 044 | |a SK | ||
| 245 | 1 | 0 | |a Makroekonomické vzťahy medzi rastom HDP, dlhom vlády a maastrichtské kritériá |c Jaroslav Husár, Karol Szomolányi, Michal Macák |
| 520 | |a Meranie deficitu vlády. Rozpočet a inflácia. Kapitálové aktíva. Dynamické modely vzťahov dráhy HDP a dráhy dlhu vlády. | ||
| 610 | 2 | 0 | |a výskum operačný |
| 610 | 2 | 0 | |a rast hospodársky |
| 610 | 2 | 0 | |a produkt domáci hrubý |
| 610 | 2 | 0 | |a dlhopisy štátne |
| 610 | 2 | 0 | |a deficit rozpočtový |
| 610 | 2 | 0 | |a banky centrálne |
| 610 | 2 | 0 | |a rozpočet štátny |
| 610 | 2 | 0 | |a inflácia |
| 100 | 1 | |a Husár, Jaroslav | |
| 700 | 1 | |a Szomolányi, Karol, 1976- | |
| 700 | 1 | |a Macák, Michal | |